Franklin County, MA - Map Quiz - Statistics

General Stats
  • This quiz has been taken 146 times
  • The average score is 14 of 26
Answers on the Map
Answers color-coded by a green-red scale on the quiz's map according to % correct below.
 
Answer Stats
Answer % Correct
Monroe
74%
Orange
68%
Rowe
68%
New Salem
65%
Warwick
61%
Heath
58%
Bernardston
55%
Charlemont
55%
Colrain
55%
Erving
55%
Gill
55%
Leyden
55%
Northfield
55%
Ashfield
52%
Deerfield
52%
Buckland
48%
Conway
48%
Greenfield
48%
Whately
48%
Hawley
45%
Shelburne
45%
Shutesbury
45%
Sunderland
45%
Wendell
45%
Leverett
42%
Montague
39%
No matching quizzes found
Score Distribution
Percent of People with Each Score
Percentile by Number Answered
Your Score History
You have not taken this quiz